Modern Cryptography: Theory and Practice (Record no. 6070)

000 -LEADER
fixed length control field 00480 a2200157 4500
020 ## - INTERNATIONAL STANDARD BOOK NUMBER
International Standard Book Number 812970692X
082 ## - DEWEY DECIMAL CLASSIFICATION NUMBER
Classification number 005.8
090 ## - LOCALLY ASSIGNED LC-TYPE CALL NUMBER (OCLC); LOCAL CALL NUMBER (RLIN)
-- 2136
-- 2136
100 ## - MAIN ENTRY--PERSONAL NAME
Personal name Mao, Wenbo
245 ## - TITLE STATEMENT
Title Modern Cryptography: Theory and Practice
Statement of responsibility, etc. Wenbo Mao
260 ## - PUBLICATION, DISTRIBUTION, ETC.
Place of publication, distribution, etc. New Delhi :
Name of publisher, distributor, etc. Pearson Education Inc. ,
Date of publication, distribution, etc. c2004.
300 ## - PHYSICAL DESCRIPTION
Extent xxxviii, 707 p. :
Other physical details ill. ;
Dimensions 26 cm.
500 ## - GENERAL NOTE
General note Includes bibliographical references and index
650 ## - SUBJECT ADDED ENTRY--TOPICAL TERM
Topical term or geographic name entry element 1.Computer Security. 2.Cryptography
942 ## - ADDED ENTRY ELEMENTS (KOHA)
Koha item type Book
Call number prefix 005.8 MAO
Holdings
Withdrawn status Lost status Damaged status Not for loan Collection code Permanent Location Current Location Shelving location Date acquired Source of acquisition Cost, normal purchase price Total Checkouts Total Renewals Full call number Barcode Checked out Date last seen Date last checked out Price effective from Koha item type
          Central Library (CL) Central Library (CL) First Floor - Artificial Intelligence/Data Mining 05/02/2005 Allied Book Company 495.00 2 3 005.8 MAO SEECS005593 04/11/2026 09/23/2025 09/23/2025 01/05/2017 Book
          Central Library (CL) Central Library (CL) First Floor - Artificial Intelligence/Data Mining 05/02/2005 Allied Book Company 495.00     005.8 MAO SEECS005592   11/14/2012   01/05/2017 Book
© 2023 Central Library, National University of Sciences and Technology. All Rights Reserved.